000 01105nam a2200265Ia 4500
003 OSt
005 20221005104729.0
006 a|||||r|||| 00| 0
007 ta
008 221004b |||||||| |||| 00| 0 hin d
020 _c100
024 _a9135
037 _b20478, 08/01/2014, Hindi Madhyam Karyanvyan Nideshalye
_cTextual
040 _aCRL
_cCRL
_bhin
041 _2hin
_ahin
082 _aO111:gxK31,0D, 152N4
100 _aशर्मा, कृष्णदत्त
245 0 _aड्राइडन के आलोचना सिद्धांत
246 _aḌrāiḍan ke ālochanā siddhāanta
260 _aदिल्ली
_bविश्वविद्यालय हिन्दी माध्यम कार्यान्वय निदेशालय भारत
_c1994
300 _a206पृ0
_ccm.
650 _aहिन्दी साहित्य
942 _hO111:gxK31,0D, 152N4
_cTEXL
_2cc
999 _c1013617
_d1013617